000 00511nam a2200181Ia 4500
003 GCL
008 140319s9999 xx 000 0 eng d
040 _aGCL /
_cGCL
082 0 4 _a301.0952
_bW J
100 1 _aWORONOFF, JON
245 1 0 _aTHE JAPANESE SOCIAL CRISIS /
_cWORONOFF, JON
260 _a[S.N] :
_bMACMILIAN PUBLISHING COMPANY ،
_c1997
300 _a287 P
650 0 4 _aSOCIAL SCIENCE
650 0 4 _aJAPAN - SOCIAL CONDITION -1945
650 0 4 _aNATIONAL CHARACTERISTICS - JAPAN
942 _2ddc
_cBK
999 _c14346
_d14346